Anl̀isis Integral y Comentarios Prc̀ticos a las Reformas Laborales

Bibliographic Details
Main Author: Cervantes Nieto, Hčtor
Format: eBook
Language:Spanish
Published: Mx̌ico D.F. : Ediciones Fiscales ISEF, 2012
Subjects:
Online Access:http://www.vlex.com/source/11041

MARC

LEADER 00000nam a22000007a 4500
005 20130426090330.0
007 cr|||| ||||
008 130426e2012 mx |||||s|||| 00||0 spa d
020 |a 978-607-406-504-6 
035 |a 11041 
040 |a vLex 
090 |c 4183  |d 4183 
100 1 0 |a Cervantes Nieto, Hčtor  
245 1 0 |a Anl̀isis Integral y Comentarios Prc̀ticos a las Reformas Laborales  |c / Hčtor Cervantes Nieto   |h [Recurso electrn̤ico] 
256 |a Servicio en ln̕ea 
260 |a Mx̌ico D.F. :  |b Ediciones Fiscales ISEF,   |c 2012 
300 |a 1 Recurso electrn̤ico 
506 |d vLex Global  |d vLex Global (Academic Edition, excluding Law Schools)  |d vLex Global (U.S. Academic Edition, Law Schools)  |d vLex Global (U.S. Academic Edition, excluding Law Schools)  |d vLex Global (Academic Edition, Law Schools) 
650 0 4 |a Derecho laboral y Seguridad Social  |z Mx̌ico 
740 |a vLex Libros (Servicio en ln̕ea) 
856 |a Acceso restringido  |u http://www.vlex.com/source/11041 
942 |c BOOK 
999 0 |a Labor law and legislation